random cities that start with the letter ''a'' - Statistics

General Stats
  • This quiz has been taken 24 times
  • The average score is 23 of 45
Answers on the Map
Answers color-coded by a green-red scale on the quiz's map according to % correct below.
 
Answer Stats
city % Correct
Auckland
90%
Algiers
85%
Amsterdam
85%
Ankara
85%
Adelaide
80%
Athens
80%
Antwerp
75%
Asunción
75%
Atlanta
75%
Austin
75%
Abu Dhabi
70%
Addis Ababa
70%
Ahmedabad
70%
Alexandria
70%
Amman
70%
Andorra la Vella
70%
Astana
70%
Abuja
65%
Accra
65%
Albany
60%
Abidjan
55%
Almaty
55%
Aleppo
50%
Annapolis
50%
Antalya
50%
Asmara
50%
Agra
45%
Antananarivo
45%
Apia
45%
Ashgabat
45%
Augusta
45%
Arequipa
35%
Adana
30%
Aba
25%
Agadir
25%
Ahvaz
25%
Angeles
25%
Aguascalientes
20%
Amritsar
20%
Anshan
20%
Allahabad
15%
Anyang
15%
Aurangabad
15%
Asansol
10%
Aligarh
0%
No matching quizzes found
Score Distribution
Percent of People with Each Score
Percentile by Number Answered
Your Score History
You have not taken this quiz